000 00930cam a2200289 a 4500
999 _c4002
_d4002
001 15615516
003 OSt
005 20241205092657.0
008 090206s2009 nyua a 000 1 eng
010 _a 2009002858
020 _a9781599903392
040 _aDLC
_cDLC
_dDLC
_dKH8
042 _alcac
082 0 0 _aFIC SHI
_222
100 1 _aShields, Gillian.
_eauthor.
245 1 0 _aWhen the world is ready for bed /
_cGillian Shields ; illustrated by Anna Currey.
250 _a1st U.S. ed.
260 _aNew York :
_bBloomsbury,
_c2009.
300 _a1 v. (unpaged) :
_bcol. ill. ;
_c26 cm.
520 _aA rabbit family prepares for bed by cleaning up toys, folding clothes, talking about the events of the day, and reading a book.
650 1 _aStories in rhyme.
650 1 _aBedtime
_vFiction.
650 1 _aFamily life
_vFiction.
650 1 _aRabbits
_vFiction.
700 1 _aCurrey, Anna,
_eill.
942 _2ddc
_cFIC